MDQL
is popping MORE tags! Check the
thread
!
Quizzes
Events
Quiz Creation
Community
Videos
Private Events
Remove Ads
Sign In
Join for FREE
Feedback
Dark Mode
Quiz Categories
Sports
Geography
Music
Movies
Television
Just For Fun
Miscellaneous
History
Literature
Language
Science
Gaming
Entertainment
Religion
Holiday
For Kids
Quiz Lab
Recent
Popular Today
Quiz Kudos Today
Editor Picks
Curator Picks
Quizzes by...
Day
Popularity
Type
Ratings
Length
Year
Community
Subscriptions
Recent Discussions
Orange Saloon
Badges
Playlists
Quests
Create
Leaderboards
Showdown
Live 5
Trivia Bingo
Activity
Puzzle Library
Sporcle Events
Private Events
Virtual Trivia
Globe League
Become a Host
Pub Owners
SporcleCon
Opinionation
Our Games
Videos
Blog
Mobile Apps
Partnerships
Remove Ads and Go Orange
Feedback
Sports
Athletes
MLB
NBA
NHL
NFL
Soccer
Sports Teams
WWE
NCAA
Football
Premier League
Basketball
Baseball
Hockey
Golf
Tennis
Cricket
Rugby
Auto Racing
Olympics
World Cup
Sports
Athletes
MLB
NBA
NHL
NFL
Soccer
Sports Teams
WWE
NCAA
Football
Premier League
Basketball
Baseball
Hockey
Golf
Tennis
Cricket
Rugby
Auto Racing
Olympics
World Cup
Random Quiz
Search Sporcle
×
Quiz Lab
Quiz Lab
Sports
NHL
Type in answers that appear in a list
Type in answers that appear in a list
Classic
Best Score? Go Orange.
NHL - long-time Wings Stats
Can you name the Detroit Red Wings who were/have been with the team for 10 seasons or more?
By
capn_obveus
10m
33 Questions
237 Plays
237 Plays
237 Plays
Comments
Comments
Give Quiz Kudos
Give Quiz Kudos
-
- Ratings
hide this ad
More Info
Replay
Link that replays current quiz
Next Quiz
Link to next quiz in quiz playlist
You Got
0%
They Got
Avg Score
50%
Avg Friend Score
Upgrade to see
Score Distribution
Jump to the score distribution portion of the page
Score
0/33
Timer
10:00
0
Plays Today
Seasons with the Wings
Player
% Correct
22 (1983-
2006)
Steve Yzerman
99.6%
25 (1946-
1971)
Gordie Howe
97.9%
19 (1991-
2011)
Nicklas Lidstrom
97%
12 (1934-
1946)
Syd Howe
97%
17 (1993-
2011)
Kris Draper
89.9%
14 (1995-
2010)
Kirk Maltby
87.3%
14 (1996-
2011)
Tomas Holmstrom
81.9%
14 (1993-
2011)
Chris Osgood
81.9%
14 (1944-
1965)
Ted Lindsay
81.4%
24 (1950-
1974)
Alex Delvecchio
80.2%
13 (1990-
2003)
Sergei Fedorov
79.3%
13 (1993-
2009)
Darren McCarty
74.3%
14 (1949-
1969)
Terry Sawchuk
73%
12 (1938-
1952)
Sid Abel
72.2%
10 (1998-
2009)
Chris Chelios
64.1%
13 (1947-
1960)
Leonard 'Red' Kelly
52.7%
10 (1991-
2001)
Vyacheslav Kozlov
51.9%
Seasons with the Wings
Player
% Correct
13 (1955-
1968)
Norm Ullman
46%
10 (1984-
1999)
Joey Kocur
37.1%
10 (1976-
1986)
Reed Larson
36.7%
16 (1949-
1965)
Marcel Pronovost
33.3%
10 (1991-
2001)
Martin Lapointe
27.4%
11 (1932-
1943)
Ebbie Goodfellow
20.7%
11 (1984-
1995)
Shawn Burr
19.8%
12 (1967-
1979)
Nick Libett
16.5%
11 (1964-
1975)
Gary Bergman
13.1%
11 (1935-
1946)
Modere 'Mud' Bruneteau
12.2%
10 (1947-
1957)
Marty Pavelich
12.2%
10 (1938-
1950)
Jack Stewart
11%
10 (1970-
1983)
Jim Rutherford
9.3%
11 (1960-
1971)
Bruce MacGregor
4.2%
12 (1955-
1968)
Warren Godfrey
0.8%
10 (1957-
1967)
Pete Goegan
0.8%
Quiz Playlist
Details
Report
Send in Message
Add To Playlist
More Info:
NHL seasons only. Seasons are not necessarily consecutive.
Classic:
Type in answers that appear in a list
Quiz Source
Last Updated: Feb 16, 2017
Quiz Scoreboard
CHALLENGE
Sign Up to Join the Scoreboard
Show All
Scores
Hide
Comments
May contain spoilers
Recently Published
5x2 Blitz: Bands
by SL_Kpop136
Music
30s
Colored Red Africa Blitz
by spor1
Geography
30s
Find the 'City' Movie
by crazypaving
Movies
60s
More to Explore
Quiz From the Vault
Featured Blog Post
14 Easter Pick-up Lines to Find Eggs With
hide this ad
You Might Also Like...
Tags
NHL Quiz
detroit
Detroit Red Wings
Player
Red
season
team
Wing
Today's Top Quizzes in Sports
Browse Sports
hide this ad
Today's Top Quizzes in NHL
Browse NHL
Top Contributed Quizzes in Sports
1
Les meilleurs buteurs des matchs entre le PSG et l’OM
2
Les entraîneurs de l'OM et du PSG au 21e siècle
3
Les joueurs passés par le PSG et l'OM
4
2022 World Cup Stars
5
Players with Multiple 50 Home Run Seasons
6
Criteria MLB: Left Handed Sluggers
7
MLB Players with Two .350 Batting Average Seasons
8
Les joueurs passés par le LOSC et le RC Lens
9
NBA Logic Puzzle 2.0
10
Top 10 NHL Goal Scorers of All Time
Explore More
Trending Topics
Disney
Marvel
NBA
Harry Potter
Kpop
Crossword
Anime
Song
Puzzle
Soccer
Pokémon
Country
NFL
The Office
WWE
hide this ad
More By:
capn_obveus
Quiz
Plays
Rating
Category
Featured
Created
South Park lyrics (no hints)
530
3.57
Music
Jun 1, 2011
Lyrics to Throw the Jew Down the Well
427
2.83
Music
Jun 1, 2011
NHL - long-time Habs
340
4.00
Sports
Apr 23, 2011
NHL - long-time Isles
299
4.00
Sports
May 1, 2011
NHL - long-time Bruins
245
4.75
Sports
Apr 23, 2011
Go to Creator's Profile
Score Distribution
Quiz Creator Spotlight
capn_obveus
Follow
Send a Message
Quizzes Created
-
Created Quiz Play Count
-
More By This Creator
Popular Quizzes Today
1
Colored Red Africa Blitz
2
Find the US States - No Outlines Minefield
3
Find the 'City' Movie
4
5x2 Blitz: Bands
5
The Countries of the World
6
Find the US States
7
US States
8
Find the Countries of Europe - No Outlines Minefield
More Sports Quizzes
Nine in Time: England Cricket Captains
Curator's Pick
Trending Quizzes
Colored Red Europe Blitz I
Colored Red Europe Blitz II
Colored Red Africa Blitz II
Colored Red Europe Blitz III
Colored Red Africa Blitz III
Recently Updated
How Do You Spell That?
pecheneg
Godzilla Movies
pecheneg
Grab Bag: 4-10 Letters
pecheneg
2024 March Madness Bracket
pecheneg
Famous TV Couples
Peacemaker
Champions League XIs: Real Madrid
pecheneg
Largest US Cities 1790-2010
pecheneg
Rides in Walt Disney World
pecheneg
Most Oscar Losses (Acting)
pecheneg
Beyoncé Albums
pecheneg
Trending Topics
Kpop
Crossword
Disney
NBA
Anime
Marvel
Harry Potter
Pokémon
Puzzle
The Office
Country
Soccer
WWE
Song
NFL
Your Account Isn't Verified!
In order to create a playlist on Sporcle, you need to verify the email address you used during registration. Go to your
Sporcle Settings
to finish the process.
Report this User
Report this user for behavior that violates our
Community Guidelines
.
Details:
Send Report
Go to the Sporcle.com Mobile Site →
Comments